Länder, die Dominikanischen Republik am Nächsten Liegen - Sudden Death - Statistiken

Allgemein
  • Dieses Quiz wurde 26 mal gespielt
  • Das Durchschnittsergebnis liegt bei 7 aus 15
Answers on the Grid
Answers color-coded by a green-red scale on the quiz's grid according to % correct below.
Haiti
Bahamas
Kuba
Jamaika
Kolumbien
St. Kitts und Nevis
Venezuela
Antigua und Barbuda
Dominica
St. Lucia
St. Vincent und die Grenadinen
Grenada
Barbados
Trinidad und Tobago
Panama
Kanada
Mexiko
Belize
Guatemala
El Salvador
Honduras
Guyana
Surinam
Peru
Bolivien
Ecuador
Brasilien
Paraguay
Chile
Argentinien
 
Antwortstatistiken
Antwort % Korrekt
Bahamas
65%
Haiti
65%
Kuba
65%
Barbados
60%
St. Kitts und Nevis
55%
St. Vincent und die Grenadinen
55%
Jamaika
50%
St. Lucia
50%
Antigua und Barbuda
45%
Dominica
45%
Grenada
45%
Trinidad und Tobago
45%
Venezuela
20%
Kolumbien
15%
Panama
15%
Keine übereinstimmenden Quizze gefunden
Verteilung der Resultate
Anzahl Personen mit jedem Resultat
Perzentil nach korrekt beantworteten Fragen
Ihre Resultats-Entwicklung
Sie haben dieses Quiz noch nicht gespielt